Navin gadya prakash (Record no. 27605)
[ view plain ]
| 000 -LEADER | |
|---|---|
| fixed length control field | 00667nam a2200157Ia 4500 |
| 008 - FIXED-LENGTH DATA ELEMENTS--GENERAL INFORMATION | |
| fixed length control field | 210327s9999||||xx |||||||||||||| ||und|| |
| 040 ## - CATALOGING SOURCE | |
| Transcribing agency | STCPL |
| 082 ## - DEWEY DECIMAL CLASSIFICATION NUMBER | |
| Classification number | 891.43 |
| Item number | KES-N |
| 100 ## - MAIN ENTRY--PERSONAL NAME | |
| Personal name | Kesavan Nair P K |
| 245 #0 - TITLE STATEMENT | |
| Title | Navin gadya prakash |
| Title in other language | नवीन गघ प्रकाश |
| 260 ## - PUBLICATION, DISTRIBUTION, ETC. | |
| Place of publication, distribution, etc. | Delhi |
| Name of publisher, distributor, etc. | Mahila Publications |
| Date of publication, distribution, etc. | 1981 |
| 300 ## - PHYSICAL DESCRIPTION | |
| Extent | IV , 83 P, 18 CM |
| 650 ## - SUBJECT ADDED ENTRY--TOPICAL TERM | |
| Topical term or geographic name entry element | East Indo-European And Celtic LiteraturesWestern Hindi LiteraturesDESCRIBING PLACES, PRESENTING PERSPECTIVES, PRESENTING CHARACTERS, SITUATIONS AND RELATIONSHIPS, ARGUMENT, IMAGE AND SYMBOL, INFORMATION AND OPINION, NARRATIVE AND OPINION, NARRATIVE TECHNIQUES |
| 942 ## - ADDED ENTRY ELEMENTS (KOHA) | |
| Koha item type | Books |
| 041 ## - LANGUAGE CODE | |
| Language code of original | |
| Withdrawn status | Lost status | Damaged status | Not for loan | Home library | Current library | Shelving location | Date acquired | Cost, normal purchase price | Total Checkouts | Full call number | Barcode | Date last seen | Price effective from | Koha item type |
|---|---|---|---|---|---|---|---|---|---|---|---|---|---|---|
| ST. THOMAS COLLEGE LIBRARY, PALAI | ST. THOMAS COLLEGE LIBRARY, PALAI | 2021-07-10 | 5.00 | 891.43 KES-N | 39618 | 2021-07-10 | 2021-07-10 | Books |
